000 00826nam a22002535i 4500
001 10861
003 ES-MaACL
005 20250809051516.0
007 t|
008 921019s1992 sp ||||0| spa j
020 _a84-7600-760-4
040 _aM-BN
_bspa
_cM-BN
080 _a860(7/8).09
100 1 _aSainz de Medrano, Luis.
_9101591
245 1 0 _aLetras de la Nueva España /
_cLuis Sainz de Medrano Arce.
260 _aTorrejón de Ardoz, Madrid :
_bAkal,
_cD.L. 1992.
300 _a54 p :
_bil. col. y n ;
_c24 cm.
490 1 _aAkal Las Américas. Literatura ;
_v44
504 _aBibliografía: p. 54.
650 1 4 _aLiteratura hispanoamericana-
_xHistoria y crítica.
_914606
830 0 0 _aAkal.
_pLas Américas
_v44
_9231693
852 _aES-MaACL
_jL-18196
_bR.123441
999 _c10861
_d10861